| 000 | 00398nam a22001577a 4500 | ||
|---|---|---|---|
| 003 | OSt | ||
| 005 | 20220131144738.0 | ||
| 008 | 220131b |||||||| |||| 00| 0 eng d | ||
| 040 | _cHU | ||
| 082 | _a621.38133 | ||
| 100 |
_aBhattacharya K.K _929196 |
||
| 245 | _aElectrical And Electronic Engineering Materials And Components | ||
| 260 |
_aDelhi _bDelhi |
||
| 300 | _f239 | ||
| 942 |
_2ddc _cBOOKS _n0 |
||
| 999 |
_c28570 _d28570 |
||